Text book of mechanical technology (Record no. 31319)

000 -LEADER
fixed length control field 00452nam a22001817a 4500
001 - CONTROL NUMBER
control field 31319
003 - CONTROL NUMBER IDENTIFIER
control field BD-DhUET
008 - FIXED-LENGTH DATA ELEMENTS--GENERAL INFORMATION
fixed length control field 150629b xxu||||| |||| 00| 0 eng d
040 ## - CATALOGING SOURCE
Original cataloging agency DLC
Transcribing agency DLC
Modifying agency BD-DhUET
082 ## - DEWEY DECIMAL CLASSIFICATION NUMBER
Classification number 621
Item number KHU/1982
100 ## - MAIN ENTRY--PERSONAL NAME
Personal name Khurmi, R. S.
245 ## - TITLE STATEMENT
Title Text book of mechanical technology
Remainder of title heat engines
250 ## - EDITION STATEMENT
Edition statement 1st ed.
260 ## - PUBLICATION, DISTRIBUTION, ETC. (IMPRINT)
Place of publication, distribution, etc. Ramnagar
Name of publisher, distributor, etc. S. Chand
Date of publication, distribution, etc. 1982
300 ## - PHYSICAL DESCRIPTION
Extent 918p.
Other physical details illus.
650 #0 - SUBJECT ADDED ENTRY--TOPICAL TERM
Topical term or geographic name as entry element Heat engines
942 ## - ADDED ENTRY ELEMENTS (KOHA)
Koha item type General Book
Holdings
Piece designation (barcode) Price effective from Withdrawn status Location (home branch) Not for loan Copy number Koha full call number Koha item type Source of classification or shelving scheme Koha date last seen Shelving location Koha normalized classification for sorting Date acquired Sublocation or collection (holding branch) Lost status Damaged status
564102015-06-29 Central Library, BUET 1621/KHU/1982Reading Item 2015-06-29Reading section621_000000000000000_KHU_19822015-06-29Central Library, BUET